00726nam a2200193 a 450000100100000000500170001000800410002702000150006804000250008324501270010826000500023530000210028549000250030670000380033183000320036904900090040195201050041099900170051500003530220200930074237.0111027s2004 dr 000 0 spa d a9875504777 aDO-SdBNPbspacBNPHU00aStevenso, dickens y otros cuentos ingleses de misterio II /ctroducción, compilación y prólogo Ramón D. Tarruella. aBuenos Aires, Argentina :bLongseller,c2004. a285 p. ;c18 cm.1 aClásico de siempre12aRarruella, Ramón D.etr.961070 0aClásico de siempre961071 aBNPD 0010718PDaGRbGRcHDd2011-10-27iLF1l0o p35302-10r2020-06-25w2020-06-25yLFPDZNo se presta c34793d34793